000 00760nam a2200241 i 4500
001 113275
003 ES-MaACL
005 20230906185827.0
007 t|
008 070221s1960 xxu ||||1| eng d
080 _a782
100 1 _aSimon, Henry W.
_9106511
245 1 0 _a100 great operas and their stories /
_cby Henry W. Simon.
250 _aA new rev. and abridged ed. of Festival of opera.
260 _aGarden City :
_bDoubleday,
_c[1960]
300 _a554 p. ;
_c18 cm.
490 1 _aA Dolphin reference book ;
_vC100
500 _aBiblioteca Jacinto Martínez Lacalle.
650 4 _aÓpera-
_xHistoria.
_915712
830 0 _aA Dolphin reference book ;
_vC100
_9233179
852 _aES-MaACL
_jE-11627
_bR.139636
999 _c113275
_d113275